[Event "Ostravský koník 2014 - FIDE Open B"]
[Site "Ostrava, CZE"]
[Date "2014.04.27"]
[Round "2"]
[White "Depta, Tomás"]
[Black "Prokop, Tomás"]
[Result "1-0"]
[WhiteElo "1888"]
[BlackElo "1866"]
[PlyCount "59"]

1. e4 c5 2. c3 e6 3. d4 d5 4. e5 cxd4 5. cxd4 Qa5+ 6. Nc3 a6 7. Nf3 Bb4 8. Bd2
Bxc3 9. Bxc3 Qb6 10. Bd3 Ne7 11. O-O h6 12. Rc1 O-O 13. Re1 Nbc6 14. Bb1 f6 15.
Qd3 f5 16. h4 Ng6 17. Bd2 Qxb2 18. h5 Nge7 19. a3 Qb6 20. Rc5 a5 21. Rec1 a4
22. Rb5 Qd8 23. g4 fxg4 24. Qh7+ Kf7 25. Bxh6 Rg8 26. Ng5+ Kf8 27. Bxg7+ Rxg7
28. Qh8+ Rg8 29. Qf6+ Ke8 30. Qf7+ 1-0

[Event "Ostravský koník 2014 - FIDE Open B"]
[Site "Ostrava, CZE"]
[Date "2014.04.27"]
[Round "2"]
[White "Hurta, Jirí"]
[Black "Bartos, Michal"]
[Result "0-1"]
[WhiteElo "1844"]
[BlackElo "1960"]
[PlyCount "64"]

1. Nf3 d5 2. g3 c6 3. Bg2 Nf6 4. O-O Bf5 5. b3 h6 6. Bb2 Nbd7 7. c4 e6 8. d4
Be7 9. Nbd2 O-O 10. Ne5 Ne4 11. f3 Nxd2 12. Qxd2 Bg5 13. Qc3 Be7 14. e4 Bh7 15.
Ng4 a5 16. a3 Qb6 17. Kh1 Nf6 18. Nf2 Rac8 19. Rae1 Rfd8 20. Nd3 Ne8 21. Re2
Bf6 22. e5 dxc4 23. bxc4 Bxd3 24. Qxd3 Bxe5 25. Rxe5 Qxb2 26. Rb1 Rxd4 27. Rxb2
Rxd3 28. Bf1 Rxa3 29. Rxb7 Ra1 30. Kg2 Rd8 31. Be2 Ra2 32. Kf2 Nd6 0-1

[Event "Ostravský koník 2014 - FIDE Open B"]
[Site "Ostrava, CZE"]
[Date "2014.04.27"]
[Round "2"]
[White "Kosár, Attila"]
[Black "Škrle, Vladimír"]
[Result "0-1"]
[WhiteElo "1831"]
[BlackElo "1830"]
[PlyCount "144"]

1. e4 e5 2. Nf3 Nc6 3. d4 exd4 4. Bc4 Nf6 5. Bg5 d6 6. Nxd4 Be7 7. Nxc6 bxc6 8.
f3 O-O 9. O-O Be6 10. Qe2 Nd7 11. Bxe7 Qxe7 12. Nc3 Nb6 13. Bd3 d5 14. exd5
cxd5 15. Rfe1 Qb4 16. Nd1 Rfe8 17. a3 Qd6 18. Qd2 Re7 19. Nf2 Rae8 20. Re2 c5
21. c3 c4 22. Bc2 Qc5 23. Kf1 Qb5 24. Qg5 h6 25. Qd2 Kf8 26. Rb1 Nd7 27. Qf4
Nf6 28. Qd6 Qb8 29. Qxb8 Rxb8 30. g4 Reb7 31. Bd1 g5 32. Rd2 Nd7 33. Kg2 Nc5
34. Kg3 f6 35. f4 Bf7 36. f5 Re7 37. Re2 Rxe2 38. Bxe2 Na4 39. Nd1 Ke7 40. Kf3
Kd6 41. Ke3 Ke5 42. h3 Be8 43. Bf3 Nc5 44. Nf2 Ba4 45. Bd1 Bxd1 46. Nxd1 Na4
47. Kf3 d4 48. cxd4+ Kxd4 49. Ke2 Rb3 50. Nf2 Rxb2+ 51. Rxb2 Nxb2 52. Kd2 Na4
53. Kc2 Ke3 54. Nd1+ Kf3 55. Nc3 Nxc3 56. Kxc3 Kg3 57. Kxc4 Kxh3 58. Kd5 Kxg4
59. Ke6 h5 60. Kxf6 h4 61. Kg6 h3 62. f6 h2 63. f7 h1=Q 64. f8=Q Qc6+ 65. Kg7
Qd7+ 66. Kh8 Qd4+ 67. Kg8 Qd5+ 68. Kh8 Qe5+ 69. Kg8 Qe6+ 70. Kh8 Kh5 71. Qf3+
Kg6 72. Qd3+ Qf5 0-1

[Event "Ostravský koník 2014 - FIDE Open B"]
[Site "Ostrava, CZE"]
[Date "2014.04.27"]
[Round "2"]
[White "Klecka, Ivo"]
[Black "Snásel, Michal"]
[Result "0-1"]
[WhiteElo "1756"]
[BlackElo "1726"]
[PlyCount "82"]

1. d4 Nf6 2. c4 c5 3. d5 b5 4. Qc2 d6 5. e4 Qa5+ 6. Bd2 b4 7. Bd3 g6 8. Ne2 Bg7
9. O-O Ng4 10. f4 O-O 11. h3 Nf6 12. f5 Nbd7 13. Bf4 Nh5 14. fxg6 hxg6 15. Nd2
Nxf4 16. Nxf4 Ne5 17. Nf3 Bd7 18. Rae1 Qxa2 19. b3 Qxc2 20. Bxc2 a5 21. Nxe5
Bxe5 22. Rf3 Kg7 23. Ref1 Rfb8 24. Nh5+ gxh5 25. Rxf7+ Kh6 26. Rxe7 Be8 27.
Re6+ Bg6 28. Rf5 Kg7 29. Rg5 Bf6 30. Rg3 Be5 31. Rgxg6+ Kf7 32. Bd1 h4 33. Bh5
Kf8 34. Rg5 Ra7 35. Rf5+ Kg8 36. Re8+ Rxe8 37. Bxe8 Re7 38. Rg5+ Kf8 39. Bg6 a4
40. Rf5+ Kg7 41. Bh5 a3 0-1

[Event "Ostravský koník 2014 - FIDE Open B"]
[Site "Ostrava, CZE"]
[Date "2014.04.27"]
[Round "2"]
[White "Zizka, Radim"]
[Black "Crha, Bretislav"]
[Result "0-1"]
[WhiteElo "1687"]
[BlackElo "1799"]
[PlyCount "106"]

1. e4 c5 2. Nc3 g6 3. f4 Bg7 4. Nf3 d6 5. Bb5+ Bd7 6. Bxd7+ Qxd7 7. d3 Nc6 8.
O-O Nf6 9. h3 O-O 10. Be3 a6 11. Qd2 b6 12. Nh4 d5 13. exd5 Nxd5 14. Nxd5 Qxd5
15. c3 e6 16. Nf3 Rad8 17. Rfd1 b5 18. Qf2 c4 19. d4 Ne7 20. g4 h6 21. Rd2 Qe4
22. Re2 Qb7 23. Qg2 Qb8 24. Rb1 Nd5 25. Ne5 Qc7 26. Qh2 Rc8 27. Bd2 Qe7 28. Rf1
Kh7 29. Qg2 a5 30. a3 Qd6 31. Qh2 Ne7 32. Ref2 b4 33. axb4 axb4 34. Nf3 b3 35.
Nh4 f5 36. Nf3 Ra8 37. Ne5 Qd5 38. Qg2 Qxg2+ 39. Kxg2 Bxe5 40. fxe5 Ra2 41. Bf4
g5 42. Bh2 f4 43. Bg1 Nd5 44. Re2 Nxc3 45. d5 Nxe2 46. Bc5 Re8 47. d6 Rd8 48.
Rd1 c3 49. d7 c2 50. Be7 cxd1=Q 51. Bxd8 Qd5+ 52. Kf2 Rxb2 53. Bxg5 Ng3+ 0-1

[Event "Ostravský koník 2014 - FIDE Open B"]
[Site "Ostrava, CZE"]
[Date "2014.04.27"]
[Round "2"]
[White "Románek, Zdenek"]
[Black "Kocur, Radim"]
[Result "0-1"]
[WhiteElo "1671"]
[BlackElo "1719"]
[PlyCount "138"]

1. d4 d5 2. c4 c6 3. e3 Bf5 4. Qb3 Qb6 5. Qxb6 axb6 6. cxd5 cxd5 7. Nc3 e6 8.
a3 Nc6 9. Bd2 Nf6 10. Rc1 Be7 11. Nf3 O-O 12. Bb5 Rfc8 13. Nh4 Bg4 14. h3 Bh5
15. g4 Ne8 16. Ng2 Bg6 17. Nf4 Nd6 18. Nxg6 hxg6 19. Bd3 Na5 20. Ke2 Ndc4 21.
Rc2 Nb3 22. Bxc4 Rxc4 23. Kd3 Rac8 24. f4 b5 25. Be1 b4 26. axb4 Bxb4 27. Bh4
f6 28. Rhh2 Ba5 29. f5 gxf5 30. gxf5 e5 31. dxe5 Rxh4 32. exf6 Bxc3 33. bxc3
gxf6 34. Rcg2+ Kf7 35. Rg4 Rxg4 36. hxg4 Kg7 37. Rb2 Nc5+ 38. Kd4 Rc7 39. Rb4
Ne4 40. Kxd5 Nxc3+ 41. Kd4 Kh6 42. Rb3 Ne2+ 43. Ke4 Kg5 44. Kf3 Nc3 45. Rb2 Rh7
46. Kg3 Ne4+ 47. Kf3 Nd6 48. Rb4 Rh3+ 49. Ke2 Rg3 50. Rd4 Nb5 51. Rb4 Nc3+ 52.
Kd3 Rxe3+ 53. Kd2 Nd5 54. Rb5 Re5 55. Rxb7 Kxg4 56. Kd3 Kxf5 57. Kd4 Nf4 58.
Rb6 Nh5 59. Kd3 Kg5 60. Kd4 Ng3 61. Rb7 Re4+ 62. Kd3 f5 63. Rg7+ Kf4 64. Rg8
Kf3 65. Rg7 Re3+ 66. Kd4 f4 67. Rh7 Kg2 68. Rf7 Re4+ 69. Kd3 f3 0-1

[Event "Ostravský koník 2014 - FIDE Open B"]
[Site "Ostrava, CZE"]
[Date "2014.04.27"]
[Round "2"]
[White "Volcík, Milan"]
[Black "Carbol, Otmar"]
[Result "1-0"]
[WhiteElo "1670"]
[BlackElo "1683"]
[PlyCount "146"]

1. e4 d6 2. Nf3 e5 3. d4 exd4 4. Nxd4 Nf6 5. Nc3 g6 6. Be2 Bg7 7. Bg5 Nbd7 8.
O-O O-O 9. Qd2 c6 10. Rad1 Qa5 11. Nb3 Qe5 12. Bf4 Qe6 13. Bxd6 Re8 14. f3 Bf8
15. Bc7 Nb6 16. Qd4 Nbd7 17. Bc4 Qe7 18. Bd6 Qxd6 19. Qxd6 Bxd6 20. Rxd6 Nb6
21. Be2 Kg7 22. Rfd1 Be6 23. Nc5 Bc4 24. b3 Bxe2 25. Nxe2 Re7 26. Rd8 Rc8 27.
Rxc8 Nxc8 28. Rd8 Rc7 29. Nxb7 c5 30. Nd6 Nb6 31. Nb5 Rc8 32. Rd6 Nfd7 33. a4
a5 34. c4 Re8 35. Kf2 f5 36. exf5 gxf5 37. Nf4 Re7 38. Ne6+ Kf7 39. Nd8+ Ke8
40. Nc6 Nc8 41. Nxe7 Nxd6 42. Nxd6+ Kxe7 43. Nxf5+ Kf6 44. Nd6 Ke5 45. Nb7 Kd4
46. Nxa5 Kc3 47. f4 Kb4 48. Nb7 Kxb3 49. Nd6 Kxa4 50. Ke3 Nf6 51. h3 h5 52. f5
Kb4 53. Kf4 Kc3 54. Ke5 Nd7+ 55. Ke6 Nf8+ 56. Ke7 Nh7 57. h4 Kd4 58. f6 Ke5 59.
Nf7+ Kd4 60. Ng5 Nxf6 61. Kxf6 Kxc4 62. Ne4 Kd4 63. Kf5 c4 64. g3 Ke3 65. Nc3
Kf3 66. Kg5 Kxg3 67. Kxh5 Kf4 68. Kg6 Ke5 69. h5 Kd4 70. Na2 Kd3 71. h6 Kc2 72.
h7 Kb2 73. h8=Q+ Kb3 1-0

[Event "Ostravský koník 2014 - FIDE Open B"]
[Site "Ostrava, CZE"]
[Date "2014.04.27"]
[Round "2"]
[White "Koki, Jan"]
[Black "Alexandr, Petr"]
[Result "0-1"]
[WhiteElo "1559"]
[BlackElo "1666"]
[PlyCount "118"]

1. e4 a6 2. d4 b5 3. Bd2 Bb7 4. e5 e6 5. a3 f5 6. Nf3 g6 7. Be2 Nh6 8. Qc1 Nf7
9. O-O Be7 10. Ne1 O-O 11. Bf3 Bxf3 12. Nxf3 c5 13. dxc5 Bxc5 14. b4 Be7 15. c4
bxc4 16. Qxc4 Qc8 17. Qb3 Nc6 18. Bc3 Re8 19. Nbd2 Qb7 20. Nc4 Rab8 21. Qb2 Qb5
22. Qa2 Rbc8 23. Rfc1 Bf8 24. Rab1 Bh6 25. a4 Qb8 26. Rd1 Rc7 27. b5 axb5 28.
axb5 Ne7 29. b6 Rb7 30. Qb3 Nc6 31. Qb5 Rc8 32. Na5 Nxa5 33. Bxa5 Rd8 34. Bc3
Bf8 35. Nd2 d5 36. exd6 Rxd6 37. Nc4 Rxd1+ 38. Rxd1 Nd6 39. Qe5 Nf7 40. Qxe6
Bg7 41. Bxg7 Kxg7 42. f3 Qf8 43. Rd7 Rxd7 44. Qxd7 Qc5+ 45. Kf1 Qxc4+ 46. Ke1
Qb4+ 47. Ke2 Qxb6 48. Qd1 Qb2+ 49. Kf1 Ne5 50. Kg1 Qb6+ 51. Kh1 Qe3 52. h3 Nd3
53. Qg1 Qxg1+ 54. Kxg1 Kf6 55. Kh2 Kg5 56. g3 f4 57. h4+ Kf5 58. g4+ Ke5 59.
Kg2 Kd4 0-1

[Event "Ostravský koník 2014 - FIDE Open B"]
[Site "Ostrava, CZE"]
[Date "2014.04.27"]
[Round "2"]
[White "Havelka, Ondrej"]
[Black "Lipka, Petr"]
[Result "1-0"]
[WhiteElo "1661"]
[BlackElo "1676"]
[PlyCount "37"]

1. d4 Nf6 2. c4 e5 3. d5 Bc5 4. Bg5 h6 5. Bh4 g5 6. Bg3 d6 7. Nc3 a6 8. e4 Bd4
9. Nge2 Bxc3+ 10. Nxc3 c6 11. f3 Nbd7 12. dxc6 Nc5 13. b4 Ne6 14. Nd5 Nd4 15.
c7 Qe7 16. Nxe7 Kxe7 17. c5 Be6 18. cxd6+ Kxd6 19. Qxd4+ 1-0

[Event "Ostravský koník 2014 - FIDE Open B"]
[Site "Ostrava, CZE"]
[Date "2014.04.27"]
[Round "2"]
[White "Kubelka, Jaroslav"]
[Black "Sándor, Štefan"]
[Result "1-0"]
[WhiteElo "1550"]
[BlackElo "1653"]
[PlyCount "85"]

1. d4 e6 2. c4 d5 3. Nc3 Nf6 4. Bg5 Be7 5. e3 O-O 6. Nf3 b6 7. cxd5 exd5 8. Rc1
Bb7 9. a3 c6 10. Qc2 Nbd7 11. Be2 h6 12. Bh4 Ne8 13. Bxe7 Qxe7 14. O-O Nef6 15.
Rfe1 Rfe8 16. Nd2 Red8 17. b4 b5 18. Nb3 Rac8 19. Na5 Ba8 20. Bd3 Ne8 21. Bf5
Nd6 22. Bh3 Rc7 23. Nxd5 cxd5 24. Qxc7 Nc4 25. Bxd7 Rxd7 26. Qb8+ Rd8 27. Qxb5
Nxa3 28. Qa4 Nc4 29. Nxc4 dxc4 30. Rxc4 Bd5 31. Rcc1 Rb8 32. b5 Qb7 33. f3 Qxb5
34. Qxb5 Rxb5 35. Ra1 a5 36. e4 Bb3 37. Rec1 Kf8 38. Rc7 a4 39. d5 Ra5 40. d6
Be6 41. Rb7 Ra8 42. Ra3 Bb3 43. Rbxb3 1-0

[Event "Ostravský koník 2014 - FIDE Open B"]
[Site "Ostrava, CZE"]
[Date "2014.04.27"]
[Round "2"]
[White "Bohanesová, Vendula"]
[Black "Filip, Tomás"]
[Result "0-1"]
[WhiteElo "1652"]
[BlackElo "1608"]
[PlyCount "62"]

1. d4 e6 2. Nc3 d5 3. Nf3 c5 4. e4 dxe4 5. Nxe4 cxd4 6. Nxd4 a6 7. Be3 Nd7 8.
Be2 Ngf6 9. Nxf6+ Nxf6 10. O-O Be7 11. f4 Nd5 12. Qd3 Nxe3 13. Qxe3 Bc5 14.
Rad1 Qb6 15. Qc3 Bd7 16. Kh1 Rc8 17. Nb3 Bf8 18. Qd2 Rd8 19. Bd3 Be7 20. Qe2
Bf6 21. c3 O-O 22. Rf3 Bc6 23. Bxh7+ Kxh7 24. Rh3+ Kg8 25. Qh5 Rxd1+ 26. Qxd1
Qf2 27. Rg3 Rd8 28. Qb1 Be4 29. Qc1 Bc2 30. Nd4 Bxd4 31. cxd4 Rxd4 0-1

[Event "Ostravský koník 2014 - FIDE Open B"]
[Site "Ostrava, CZE"]
[Date "2014.04.27"]
[Round "2"]
[White "Bosnák, Ondrej"]
[Black "Prívozník, Lubos"]
[Result "1-0"]
[WhiteElo "1471"]
[BlackElo "1647"]
[PlyCount "55"]

1. d4 e6 2. c4 d5 3. Nf3 c6 4. e3 Nf6 5. Bd3 dxc4 6. Bxc4 Be7 7. O-O O-O 8.
Nbd2 Nbd7 9. Qc2 Qc7 10. Ne4 Nxe4 11. Qxe4 Nf6 12. Qc2 b6 13. Bd3 Bd6 14. e4 e5
15. Bg5 Nd7 16. Be3 Bb7 17. Rad1 c5 18. dxe5 Nxe5 19. Nxe5 Bxe5 20. f4 Bd6 21.
e5 Be7 22. Bxh7+ Kh8 23. Be4 Rac8 24. Rf3 g6 25. Rh3+ Kg7 26. Bxb7 Qxb7 27. f5
Rh8 28. f6+ 1-0

[Event "Ostravský koník 2014 - FIDE Open B"]
[Site "Ostrava, CZE"]
[Date "2014.04.27"]
[Round "2"]
[White "Beluská, Tereza"]
[Black "Frank, Adam"]
[Result "1-0"]
[WhiteElo "1645"]
[BlackElo "1417"]
[PlyCount "91"]

1. e4 e5 2. Nf3 Nc6 3. Nc3 Nf6 4. Bb5 Bb4 5. O-O d6 6. d3 Bg4 7. h3 Bh5 8. Bg5
a6 9. Ba4 b5 10. Bb3 Qd7 11. Bxf6 gxf6 12. Nd5 Qd8 13. c3 Bc5 14. Bc2 Rg8 15.
b4 Ba7 16. a4 Rg3 17. Kh2 Rg7 18. Qd2 Rg6 19. Nh4 Rg8 20. Qh6 Bg6 21. f4 Kd7
22. f5 Kc8 23. fxg6 hxg6 24. Nxf6 Rh8 25. Qg5 Kb7 26. axb5 axb5 27. Bb3 Be3 28.
Qxe3 Rxh4 29. Ng4 Qh8 30. Rxa8 Qxa8 31. Qf2 Qh8 32. Kg1 f5 33. exf5 e4 34. dxe4
gxf5 35. exf5 Rh7 36. f6 Rd7 37. f7 Rd8 38. f8=R Rxf8 39. Qxf8 Qxc3 40. Qf3
Qxb4 41. Bd5 Qc5+ 42. Kh1 b4 43. Rb1 Kb6 44. Bxc6 Qxc6 45. Rxb4+ Kc5 46. Rc4+
1-0

[Event "Ostravský koník 2014 - FIDE Open B"]
[Site "Ostrava, CZE"]
[Date "2014.04.27"]
[Round "2"]
[White "Mica, Marek"]
[Black "Kubelová, Sona"]
[Result "0-1"]
[WhiteElo "1369"]
[BlackElo "1639"]
[PlyCount "122"]

1. d4 d5 2. c4 e6 3. Nc3 c6 4. Nf3 dxc4 5. e4 b5 6. a3 Bb7 7. Be3 a5 8. g3 Nf6
9. Bg2 Nbd7 10. e5 Nd5 11. Ne4 Nxe3 12. fxe3 f6 13. exf6 Nxf6 14. Nxf6+ Qxf6
15. Ne5 Rc8 16. Qf3 Qxf3 17. Bxf3 Bd6 18. Ng4 h5 19. Nf2 h4 20. Ne4 Be7 21. O-O
hxg3 22. hxg3 Rc7 23. a4 b4 24. Rac1 c5 25. Nd2 Ba6 26. Be2 Bb7 27. Bxc4 Bg5
28. Bb5+ Kd8 29. Kf2 Rh2+ 30. Ke1 Bxe3 31. Rf8+ Ke7 32. Re8+ Kf7 33. Rd1 Rh1+
34. Ke2 Rxd1 35. Kxd1 cxd4 36. Nc4 Rxc4 37. Bxc4 Kxe8 38. Bxe6 Ke7 39. Bc4 Bf3+
40. Kc2 Kf6 41. Kd3 Kg5 42. Be6 Bg4 43. Bb3 Bf5+ 44. Ke2 Kg4 45. Bc4 Kxg3 46.
b3 g5 47. Bd5 Bc2 48. Bc4 g4 49. Bd5 Kh2 50. Bc4 g3 51. Bd5 g2 52. Bxg2 Kxg2
53. Ke1 Bxb3 54. Ke2 Bxa4 55. Kd3 Bb5+ 56. Kc2 d3+ 57. Kb2 d2 58. Kc2 Ba4+ 59.
Kb2 d1=Q 60. Ka2 Qb3+ 61. Ka1 Bd4# 0-1

[Event "Ostravský koník 2014 - FIDE Open B"]
[Site "Ostrava, CZE"]
[Date "2014.04.27"]
[Round "2"]
[White "Brzezny, Petr"]
[Black "Vantuch, Lucian"]
[Result "1/2-1/2"]
[WhiteElo "1618"]
[BlackElo "1334"]
[PlyCount "99"]

1. c4 e5 2. Nc3 Bc5 3. g3 Nf6 4. Bg2 Nc6 5. b3 O-O 6. Bb2 Re8 7. d3 a6 8. Nf3
b5 9. cxb5 axb5 10. Nxb5 d5 11. O-O Ra6 12. e3 Bb6 13. Qd2 Bg4 14. Rfc1 Qd7 15.
Nc3 h6 16. Na4 Qd6 17. Nxb6 Rxb6 18. Rc3 Nd7 19. a3 f5 20. b4 Rf8 21. Rac1 Kh8
22. d4 e4 23. Ne5 Ndxe5 24. dxe5 Nxe5 25. Qd4 Rf7 26. Rc5 Nd3 27. Rxd5 Qe6 28.
Rc2 Nxb2 29. Rxb2 Rc6 30. h3 Rc1+ 31. Kh2 Bf3 32. Rd2 Qa6 33. Bxf3 Qf1 34. Rd1
Qxf2+ 35. Bg2 Rxd1 36. Qxd1 Qxe3 37. Qd2 Qxa3 38. Re5 Kh7 39. Ra5 Qb3 40. Qa2
Qxb4 41. Ra4 Qe7 42. Bxe4 fxe4 43. Rxe4 Qxe4 44. Qxf7 Qc2+ 45. Kg1 c5 46. g4
Qg6 47. Qc4 Qb1+ 48. Kg2 Qb2+ 49. Kf1 Qh2 50. Qd3+ 1/2-1/2

[Event "Ostravský koník 2014 - FIDE Open B"]
[Site "Ostrava, CZE"]
[Date "2014.04.27"]
[Round "2"]
[White "Filip, Tomás"]
[Black "Vyvial, Patrik"]
[Result "1-0"]
[WhiteElo "1595"]
[BlackElo "1323"]
[PlyCount "71"]

1. e4 c5 2. Nf3 d6 3. d4 cxd4 4. Nxd4 Nf6 5. Nc3 e5 6. Nb3 Be6 7. f3 Be7 8. Be3
Nbd7 9. Qd2 O-O 10. O-O-O a6 11. g4 b5 12. h4 b4 13. Nd5 Bxd5 14. exd5 a5 15.
Kb1 a4 16. Nc1 Qa5 17. h5 b3 18. cxb3 axb3 19. a3 Rfb8 20. Qxa5 Rxa5 21. Bc4
Nc5 22. Bd2 Raa8 23. Bb4 Nfd7 24. Nxb3 Nxb3 25. Bxb3 Nc5 26. Bc2 Bd8 27. Bxc5
dxc5 28. Rhe1 f6 29. Bf5 Rxa3 30. Be4 Ba5 31. Re2 Rbb3 32. d6 Re3 33. Rc2 Ra4
34. Rxc5 Bb4 35. Rc8+ Kf7 36. Bd5# 1-0

[Event "Ostravský koník 2014 - FIDE Open B"]
[Site "Ostrava, CZE"]
[Date "2014.04.27"]
[Round "2"]
[White "Soukup, Ondrej"]
[Black "Mikulencáková, Jana"]
[Result "1-0"]
[WhiteElo "1250"]
[BlackElo "1595"]
[PlyCount "43"]

1. e4 e5 2. Bc4 Nf6 3. d3 Bc5 4. Nc3 h6 5. Be3 Bb4 6. Nge2 O-O 7. O-O d6 8. f4
Bg4 9. Qd2 Bxe2 10. Qxe2 Qd7 11. f5 Bxc3 12. bxc3 Nc6 13. Rf3 d5 14. Bxd5 Nxd5
15. exd5 Qxd5 16. Rg3 Kh7 17. Qg4 Rg8 18. f6 g6 19. Rh3 g5 20. Qf5+ Rg6 21.
Rxh6+ Kxh6 22. Qh3# 1-0

[Event "Ostravský koník 2014 - FIDE Open B"]
[Site "Ostrava, CZE"]
[Date "2014.04.27"]
[Round "2"]
[White "Benes, Jaroslav"]
[Black "Gemsová, Tereza"]
[Result "1-0"]
[WhiteElo "1586"]
[BlackElo "1272"]
[PlyCount "103"]

1. e4 e5 2. Nf3 Nc6 3. Bb5 Bc5 4. c3 Nge7 5. d4 exd4 6. cxd4 Bb6 7. O-O f6 8.
Nc3 O-O 9. Be3 d6 10. h3 f5 11. Bc4+ Kh8 12. Qd2 Ng6 13. d5 Nce5 14. Nxe5 Nxe5
15. Be2 Qf6 16. Bxb6 axb6 17. f4 Ng6 18. Bd3 Qd4+ 19. Kh2 fxe4 20. Nxe4 Qxd5
21. Nc3 Qd4 22. Nb5 Qc5 23. Rac1 Qh5 24. a3 Rf7 25. Nxc7 Ra5 26. Be4 Nxf4 27.
Rxf4 Qe5 28. g3 Rxf4 29. Qxf4 Qxb2+ 30. Rc2 Qf6 31. Nd5 Qd8 32. Nxb6 Be6 33.
Nc4 Rc5 34. Nxd6 Rxc2+ 35. Bxc2 Qc7 36. Qe4 Bg8 37. Nf5 Qc3 38. h4 Qd2+ 39. Kh3
Qd7 40. g4 Qc6 41. Qxc6 bxc6 42. Ne7 c5 43. Kg3 Bc4 44. Kf4 Be2 45. g5 h6 46.
g6 Bc4 47. Ke5 Ba6 48. Kd5 c4 49. Kd4 Bb5 50. Kc3 Ba6 51. Be4 Bb5 52. Bd5 1-0

[Event "Ostravský koník 2014 - FIDE Open B"]
[Site "Ostrava, CZE"]
[Date "2014.04.27"]
[Round "2"]
[White "Gereková, Eliska"]
[Black "Šrámek, Vojtech"]
[Result "0-1"]
[WhiteElo "1233"]
[BlackElo "1580"]
[PlyCount "96"]

1. e4 d5 2. Nc3 dxe4 3. Nxe4 Bf5 4. Nc3 Nf6 5. Nf3 e6 6. Bc4 Bg4 7. d3 Nbd7 8.
O-O Ne5 9. Kh1 Nxf3 10. gxf3 Bh3 11. Rg1 Qd7 12. Bf4 O-O-O 13. Qe2 Bd6 14. Bxd6
Qxd6 15. Nb5 Qb6 16. Qe3 Qxe3 17. fxe3 a6 18. Nc3 Bf5 19. Rxg7 Bg6 20. b4 Nh5
21. Rxg6 hxg6 22. b5 axb5 23. Nxb5 c6 24. Nc3 Nf6 25. a4 Nd5 26. Bxd5 exd5 27.
a5 Kc7 28. a6 bxa6 29. Rxa6 Ra8 30. Rxa8 Rxa8 31. e4 d4 32. Ne2 c5 33. c3 Ra2
34. Nc1 Ra1 35. cxd4 cxd4 36. Kg2 Rxc1 37. Kf2 Rh1 38. Kg3 Rd1 39. Kg4 Rxd3 40.
Kg5 Rxf3 41. Kg4 Rf1 42. e5 d3 43. e6 fxe6 44. Kg5 d2 45. Kxg6 d1=Q 46. h4 Qg4+
47. Kh6 Rf5 48. h5 Rxh5# 0-1

[Event "Ostravský koník 2014 - FIDE Open B"]
[Site "Ostrava, CZE"]
[Date "2014.04.27"]
[Round "2"]
[White "Glacner, Karel"]
[Black "Šimon, David"]
[Result "1-0"]
[WhiteElo "1579"]
[BlackElo "1250"]
[PlyCount "55"]

1. Nf3 Nc6 2. g3 Nf6 3. Bg2 e6 4. d4 d5 5. O-O b6 6. b3 Ba6 7. Bb2 Bd6 8. Na3
Qe7 9. Nb1 e5 10. dxe5 Bxe5 11. Nxe5 Nxe5 12. Bxd5 Nxd5 13. Qxd5 c6 14. Qxe5
Qxe5 15. Bxe5 f6 16. Bb2 O-O-O 17. Re1 Rd6 18. a4 c5 19. a5 b5 20. e4 b4 21. c3
Rd3 22. cxb4 Rxb3 23. Bc1 Rxb4 24. Nc3 Rd8 25. Nd5 Rd4 26. Ba3 c4 27. Bc5 Rd3
28. Nb4 1-0

[Event "Ostravský koník 2014 - FIDE Open B"]
[Site "Ostrava, CZE"]
[Date "2014.04.27"]
[Round "2"]
[White "Odstrcil, Lukás"]
[Black "Lipus, Drahomír"]
[Result "1-0"]
[WhiteElo "1220"]
[BlackElo "1568"]
[PlyCount "93"]

1. e4 c5 2. Nf3 d6 3. d4 cxd4 4. Nxd4 Nf6 5. Nc3 a6 6. Be2 e6 7. Be3 Be7 8. O-O
Nc6 9. f4 Qc7 10. Bf3 O-O 11. Nxc6 bxc6 12. Qd2 Bb7 13. Rfe1 Rfe8 14. Rad1 Rad8
15. Qf2 Nd7 16. Na4 c5 17. Rd2 Bf6 18. e5 Bxf3 19. exf6 Bc6 20. Nc3 Nxf6 21.
Red1 Ng4 22. Qe2 Nxe3 23. Qxe3 Bb7 24. Qg3 f5 25. Qh4 c4 26. Kh1 d5 27. Qf2 Rd7
28. Re1 Rde7 29. Rde2 Qd6 30. Qd4 Rf8 31. a3 Rf6 32. Nd1 h6 33. Ne3 Kf7 34.
Nxc4 Qc7 35. Ne5+ Kg8 36. Nd3 Bc8 37. Nb4 Qd7 38. Re3 Rg6 39. Nd3 Qd8 40. Ne5
Rf6 41. Rg3 Kh7 42. Nd3 Bd7 43. Nc5 Bc8 44. Rge3 Rg6 45. Nd3 Rc7 46. R3e2 Rf6
47. Nc5 1-0

[Event "Ostravský koník 2014 - FIDE Open B"]
[Site "Ostrava, CZE"]
[Date "2014.04.27"]
[Round "2"]
[White "Demko, Robert"]
[Black "Szusciková, Natálie"]
[Result "1-0"]
[WhiteElo "1562"]
[BlackElo "1223"]
[PlyCount "69"]

1. d4 d5 2. c4 dxc4 3. Nf3 Nf6 4. Nc3 Nc6 5. e4 e6 6. Bxc4 Bb4 7. e5 Nd7 8. O-O
Nb6 9. Bb5 O-O 10. a3 Bxc3 11. bxc3 Bd7 12. Qc2 h6 13. Bd3 f5 14. Bd2 Nd5 15.
Rab1 b6 16. c4 Nde7 17. Rfc1 Ng6 18. c5 Nh4 19. Qc4 Nxf3+ 20. gxf3 f4 21. Kh1
Qh4 22. Rf1 Ne7 23. Be4 Rad8 24. cxb6 cxb6 25. Bb4 Rf7 26. Qc7 Nd5 27. Bxd5
exd5 28. Qc2 Qh3 29. Qd1 Rf5 30. Rg1 Rh5 31. Rg2 a5 32. Bd6 Re8 33. Rxb6 Re6
34. Rb8+ Kf7 35. Rf8# 1-0

[Event "Ostravský koník 2014 - FIDE Open B"]
[Site "Ostrava, CZE"]
[Date "2014.04.27"]
[Round "2"]
[White "Fizerová, Lucie"]
[Black "Chlebek, Jan"]
[Result "0-1"]
[WhiteElo "1160"]
[BlackElo "1543"]
[PlyCount "66"]

1. e4 c5 2. Nf3 d6 3. d4 cxd4 4. Nxd4 Nf6 5. f3 g6 6. Be3 Bg7 7. Nc3 Nc6 8.
Nxc6 bxc6 9. Bc4 O-O 10. Qd2 Rb8 11. Bb3 a5 12. O-O-O Qc7 13. Bh6 Qb7 14. g4 c5
15. Bxg7 Kxg7 16. Qd3 Be6 17. Bxe6 fxe6 18. b3 d5 19. e5 Nd7 20. h4 c4 21. bxc4
dxc4 22. Qxd7 Qb2+ 23. Kd2 Rfd8 24. Ke2 Rxd7 25. Rxd7 Qxc2+ 26. Ke3 Qxc3+ 27.
Kf4 Rf8+ 28. Ke4 Qxf3+ 29. Kd4 Qd3+ 30. Kc5 Rc8+ 31. Kb6 Qxd7 32. Ka6 Qc6+ 33.
Ka7 Ra8# 0-1

[Event "Ostravský koník 2014 - FIDE Open B"]
[Site "Ostrava, CZE"]
[Date "2014.04.27"]
[Round "2"]
[White "Marková, Kristýna"]
[Black "Odlevák, Marek"]
[Result "1-0"]
[WhiteElo "1474"]
[BlackElo "1217"]
[PlyCount "110"]

1. e4 e5 2. Nf3 Nc6 3. Bb5 Nf6 4. d3 h6 5. c3 Be7 6. O-O O-O 7. h3 d6 8. Nbd2
Be6 9. Re1 a6 10. Ba4 b5 11. Bc2 Na5 12. b4 Nc6 13. a4 Qd7 14. Kh2 d5 15. Nf1
dxe4 16. dxe4 Rfd8 17. Qxd7 Rxd7 18. axb5 Nb8 19. bxa6 Rxa6 20. Rxa6 Nxa6 21.
Ng3 Bd6 22. Nh4 g5 23. Nhf5 Bf8 24. Rd1 Kh7 25. Ba3 Rxd1 26. Bxd1 Kg8 27. f3
Nb8 28. Bb2 Nbd7 29. h4 Nb6 30. Be2 Bc4 31. Bxc4 Nxc4 32. Bc1 g4 33. Bxh6 gxf3
34. gxf3 Bxh6 35. Nxh6+ Kg7 36. Nhf5+ Kg6 37. Ne7+ Kg7 38. Nd5 Nxd5 39. exd5
Kf6 40. h5 Kg5 41. Ne4+ Kxh5 42. Nf6+ Kg5 43. Ne8 c6 44. dxc6 Nb6 45. Nd6 f6
46. c7 Kf4 47. Kg2 f5 48. c8=Q Nxc8 49. Nxc8 e4 50. fxe4 fxe4 51. Kf2 e3+ 52.
Ke2 Ke4 53. Nd6+ Kf4 54. Nb5 Ke5 55. Kxe3 Ke6 1-0

[Event "Ostravský koník 2014 - FIDE Open B"]
[Site "Ostrava, CZE"]
[Date "2014.04.27"]
[Round "2"]
[White "Nytra, Ondrej"]
[Black "Frank, Martin"]
[Result "1-0"]
[WhiteElo "1452"]
[BlackElo "1100"]
[PlyCount "73"]

1. e4 e5 2. Nf3 Nc6 3. Bb5 Nf6 4. O-O a6 5. Ba4 b5 6. Bb3 Bc5 7. d3 O-O 8. Bg5
d6 9. Bd5 Bd7 10. Nc3 Rb8 11. Ne2 Rb6 12. Ng3 Nd4 13. h3 c6 14. Nxd4 cxd5 15.
Nh5 Bxd4 16. Bxf6 gxf6 17. c3 f5 18. cxd4 f4 19. exd5 Qg5 20. Kh2 Kh8 21. g3
Rg8 22. Qf3 f5 23. gxf4 exf4 24. Rg1 Qe7 25. Rxg8+ Kxg8 26. Rg1+ Kh8 27. Qxf4
Rb8 28. Rg7 Qe1 29. Rxd7 Rg8 30. Ng3 Qe8 31. Qxf5 Rg6 32. Nh5 Rg8 33. Ng3 Rg7
34. Qf6 Qf8 35. Qxf8+ Rg8 36. Qf6+ Rg7 37. Rd8# 1-0

[Event "Ostravský koník 2014 - FIDE Open B"]
[Site "Ostrava, CZE"]
[Date "2014.04.27"]
[Round "2"]
[White "Bubík, Antonín"]
[Black "Nguyen, Thai Dai Vinh"]
[Result "0-1"]
[WhiteElo "1000"]
[BlackElo "1451"]
[PlyCount "38"]

1. e4 c5 2. Nf3 d6 3. c3 Nc6 4. Bb5 Bd7 5. Bxc6 Bxc6 6. Qc2 Nf6 7. d3 e6 8. Bg5
Be7 9. O-O O-O 10. Nbd2 b6 11. Bxf6 Bxf6 12. Rae1 Qc7 13. e5 dxe5 14. Qd1 Rad8
15. Nc4 e4 16. Nfd2 exd3 17. Qh5 b5 18. Na3 Qb7 19. Qxc5 Bxg2 0-1

[Event "Ostravský koník 2014 - FIDE Open B"]
[Site "Ostrava, CZE"]
[Date "2014.04.27"]
[Round "2"]
[White "Haska, Filip"]
[Black "Kuzel, Jaroslav"]
[Result "1-0"]
[WhiteElo "1380"]
[BlackElo "1000"]
[PlyCount "43"]

1. e4 e5 2. Nf3 Nc6 3. Nc3 a6 4. d4 exd4 5. Nxd4 Nxd4 6. Qxd4 c5 7. Qd1 d6 8.
Bc4 b5 9. Bd5 Rb8 10. O-O Nf6 11. Bg5 h6 12. Bh4 Be7 13. Bg3 Nxd5 14. Nxd5 O-O
15. Qf3 Bh4 16. Rad1 f5 17. Nf4 Re8 18. exf5 Bxf5 19. Qd5+ Kh7 20. Qxf5+ g6 21.
Qf7+ Kh8 22. Nxg6# 1-0